En la escuela de Sta. Teresita del Niño Jesús /

Guardado en:
Detalles Bibliográficos
Autor principal: Teresa del Niño Jesús, Santa (autor)
Otros autores: Setién, Emeterio G. (edición) (edición)
Formato: Libro
Idioma:Español
Publicado: Burgos, España : Monte Carmelo, 1955
Etiquetas: Agrega una etiqueta
Sin etiquetas, Sé el primero en etiquetar este registro!

MARC

LEADER 00000nam^a2200000^a^4500
001 000451169
005 20250521000000.0
009 20260310123806.296
037 |a Acervo Xavier Clavigero 
041 |a ESP 
091 |a FCA. 03537 
100 |a Teresa del Niño Jesús,  |c Santa  |e (autor) 
245 1 0 |a En la escuela de Sta. Teresita del Niño Jesús / 
264 1 |a Burgos, España :  |b Monte Carmelo,  |c 1955 
300 |a 119 p. 
336 |a texto  |b txt  |2 rdacontenido 
337 |a sin mediación  |b n  |2 rdamedio 
338 |a volumen  |b nc  |2 rdasoporte 
649 |a XX 
700 |a Setién, Emeterio G.  |e (edición) 
910 |a Fondo Xavier Cacho Vázquez S.J. 
920 |a Impresos - Libros 
930 |a Fondos Especiales 
905 |a 131 
901 |a 0500362452  |b IT2  |c ESP  |i D  |u 20250521 
902 |a https://opac.biblio.iteso.mx/vufind/Record/000451169